000 00887nam a2200277 a 4500
003 AR-BaBNM
005 20251128210323.0
008 082120s2002 ||||||||||||||000 | spa||
020 _a950-892-048-3
040 _cAR-BaBNM
100 1 _aUriel, Fabiana Edith
245 0 0 _aOrientación vocacional-ocupacional con jóvenes de 11 a 15 años
_bimplementación durante la EGB 3. Experiencias en la escuela primaria
260 _aBuenos Aires
_bLugar Editorial
_c1998
300 _a109 p.
_bil., tablas
504 _aContiene bibliografía p. 107-109
650 4 _aADOLESCENTES
650 4 _aORIENTACION PROFESIONAL
650 4 _aFUNCIONES DE LA ORIENTACION
653 _aORIENTACION VOCACIONAL
653 _aEDUCACION PRIMARIA
653 _aTERCER CICLO DE LA EGB
653 _aEXPERIENCIAS EDUCATIVAS
700 1 _aCosta, Paula Cristina
942 _cBK
998 _cRaquel
999 _c14941
_d14941